Alle Pokemon (Generation 1-9) - Statistiken

Allgemein
  • Dieses Quiz wurde 20.169 mal gespielt
    11.920 seit der letzten Aktualisierung
  • Das Durchschnittsergebnis liegt bei 261 aus 1008
Antwortstatistiken
Pokemon % Korrekt
Bisasam
93%
Glumanda
92%
Glurak
91%
Bisaflor
89%
Bisaknosp
88%
Glutexo
87%
Schiggy
87%
Pikachu
86%
Turtok
84%
Raichu
80%
Schillok
80%
Mew
79%
Taubsi
77%
Evoli
76%
Raupy
75%
Tauboss
75%
Tauboga
74%
Mewtu
72%
Aquana
71%
Flamara
71%
Lavados
71%
Smettbo
71%
Arktos
70%
Blitza
70%
Zapdos
70%
Bibor
69%
Garados
69%
Gengar
68%
Hornliu
68%
Safcon
68%
Karpador
67%
Kleinstein
67%
Mauzi
67%
Dragoran
66%
Kokuna
65%
Nebulak
65%
Onix
65%
Pichu
65%
Rattfratz
65%
Nachtara
64%
Rattikarl
64%
Relaxo
64%
Dratini
63%
Abra
62%
Habitak
62%
Alpollo
61%
Arbok
61%
Dragonir
61%
Ibitak
61%
Kadabra
61%
Nidoking
61%
Pummeluff
61%
Simsala
61%
Zubat
61%
Digda
60%
Georok
60%
Geowaz
60%
Nidoqueen
60%
Nidoran♀
60%
Nidoran♂
60%
Rettan
60%
Arkani
59%
Digdri
59%
Golbat
58%
Machomei
58%
Nidorina
58%
Vulpix
58%
Fukano
57%
Lapras
57%
Machollo
57%
Nidorino
57%
Pixi
57%
Ponita
57%
Enton
56%
Psiana
56%
Snobilikat
56%
Ho-Oh
55%
Knuddeluff
55%
Magmar
55%
Piepi
55%
Vulnona
55%
Elektek
54%
Gallopa
54%
Knofensa
54%
Lugia
54%
Magnetilo
54%
Magneton
54%
Sichlor
54%
Smogon
54%
Sterndu
54%
Voltobal
54%
Duflor
53%
Kicklee
53%
Maschock
53%
Myrapla
53%
Sandan
53%
Smogmog
53%
Tauros
53%
Ditto
52%
Entoron
52%
Feurigel
52%
Giflor
52%
Goldini
52%
Lektrobal
52%
Quapsel
52%
Sandamer
52%
Endivie
51%
Entei
51%
Karnimani
51%
Kokowei
51%
Owei
51%
Quappo
51%
Sleima
51%
Stahlos
51%
Starmie
51%
Chaneira
50%
Hypno
50%
Rihorn
50%
Sleimok
50%
Aerodactyl
49%
Golking
49%
Groudon
49%
Menki
49%
Nockchan
49%
Pantimos
49%
Quaputzi
49%
Flegmon
48%
Flemmli
48%
Kabuto
48%
Palkia
48%
Plinfa
48%
Rayquaza
48%
Sarzenia
48%
Tentacha
48%
Tentoxa
48%
Traumato
48%
Ultrigaria
48%
Dialga
47%
Iksbat
47%
Jugong
47%
Jurob
47%
Knogga
47%
Kyogre
47%
Lahmus
47%
Rasaff
47%
Suicune
47%
Kabutops
46%
Kangama
46%
Omot
46%
Panflam
46%
Pinsir
46%
Rizeros
46%
Rossana
46%
Bluzuk
45%
Dodri
45%
Dodu
45%
Glaziola
45%
Muschas
45%
Porygon
45%
Seeper
45%
Tornupto
45%
Tragosso
45%
Amonitas
44%
Austos
44%
Elekid
44%
Feelinara
44%
Folipurba
44%
Hydropi
44%
Krabby
44%
Meganie
44%
Pii
44%
Raikou
44%
Celebi
43%
Impergator
43%
Lohgock
43%
Lorblatt
43%
Paras
43%
Porenta
43%
Scherox
43%
Schlurp
43%
Tangela
43%
Togepi
43%
Amoroso
42%
Chelast
42%
Gewaldro
42%
Igelavar
42%
Kingler
42%
Parasek
42%
Seemon
42%
Sumpex
42%
Arceus
41%
Geckarbor
41%
Hundemon
41%
Lucario
41%
Magby
41%
Giratina
40%
Panferno
40%
Regice
40%
Regirock
40%
Despotar
39%
Jungglut
39%
Latias
39%
Latios
39%
Mogelbaum
39%
Registeel
39%
Trasla
39%
Elevoltek
38%
Guardevoir
38%
Hoothoot
38%
Hunduster
38%
Impoleon
38%
Magnezone
38%
Reptain
38%
Togetic
38%
Woingenau
38%
Heiteira
37%
Kirlia
37%
Larvitar
37%
Laschoking
37%
Riolu
37%
Tyracroc
37%
Voltilamm
37%
Bauz
36%
Brutalanda
36%
Darkrai
36%
Fluffeluff
36%
Knakrack
36%
Miltank
36%
Ottaro
36%
Panpyro
36%
Regigigas
36%
Reshiram
36%
Seedraking
36%
Staralili
36%
Zekrom
36%
Ampharos
35%
Floink
35%
Magbrant
35%
Mampfaxo
35%
Minun
35%
Noctuh
35%
Plusle
35%
Pupitar
35%
Schwalbini
35%
Schwalboss
35%
Serpifeu
35%
Togekiss
35%
Barschwa
34%
Kapoera
34%
Metagross
34%
Porygon2
34%
Sniebel
34%
Staraptor
34%
Teddiursa
34%
Ursaring
34%
Wailord
34%
Wiesor
34%
Bidiza
33%
Blubella
33%
Deoxys
33%
Flamiau
33%
Froxy
33%
Kindwurm
33%
Luxtra
33%
Milotic
33%
Porygon-Z
33%
Roselia
33%
Rotom
33%
Waaty
33%
Wailmer
33%
Waumpel
33%
Wiesenior
33%
Azumarill
32%
Felino
32%
Knospi
32%
Kramurx
32%
Marill
32%
Pliprin
32%
Quajutsu
32%
Rabauz
32%
Rihornior
32%
Traunfugil
32%
Wingull
32%
Chelterrar
31%
Fynx
31%
Galagladi
31%
Jirachi
31%
Kaumalat
31%
Moorabbel
31%
Quaxo
31%
Roserade
31%
Selfe
31%
Serpiroyal
31%
Sheinux
31%
Solgaleo
31%
Staravia
31%
Vesprit
31%
Xerneas
31%
Yveltal
31%
Zigzachs
31%
Ariados
30%
Bidifas
30%
Draschel
30%
Girafarig
30%
Griffel
30%
Icognito
30%
Keifel
30%
Knarksel
30%
Lampi
30%
Lunala
30%
Luxio
30%
Metang
30%
Morlord
30%
Pantimimi
30%
Papinella
30%
Pelipper
30%
Pudox
30%
Skaraborn
30%
Tanhel
30%
Tobutz
30%
Webarak
30%
Absol
29%
Admurai
29%
Fiffyen
29%
Kussilla
29%
Kyurem
29%
Magnayen
29%
Panzaeron
29%
Shaymin
29%
Sonnflora
29%
Sonnkern
29%
Stollunior
29%
Victini
29%
Wablu
29%
Wonneira
29%
Zygarde
29%
Altaria
28%
Chelcarain
28%
Geradaks
28%
Lanturn
28%
Libelldra
28%
Loturzel
28%
Mamutel
28%
Mantax
28%
Natu
28%
Phanpy
28%
Quiekel
28%
Stolloss
28%
Tohaido
28%
Xatu
28%
Zobiris
28%
Cresselia
27%
Donphan
27%
Dummisel
27%
Ferkokel
27%
Flambirex
27%
Fuegro
27%
Hoppspross
27%
Isso
27%
Ledyba
27%
Robball
27%
Schaloko
27%
Snibunna
27%
Sonnfel
27%
Traunmagil
27%
Voltenso
27%
Azurill
26%
Bamelin
26%
Driftlon
26%
Heatran
26%
Hopplo
26%
Knacklion
26%
Kramshef
26%
Ledian
26%
Letarking
26%
Lunastein
26%
Manaphy
26%
Mobai
26%
Nasgnet
26%
Pachirisu
26%
Palimpalim
26%
Remoraid
26%
Samurzel
26%
Schneckmag
26%
Schneppke
26%
Stollrak
26%
Tangoloss
26%
Vipitis
26%
Yanma
26%
Zwirrklop
26%
Zwirrlicht
26%
Botogel
25%
Bummelz
25%
Camerupt
25%
Damhirplex
25%
Firnontor
25%
Hariyama
25%
Haspiror
25%
Igamaro
25%
Kappalores
25%
Knilz
25%
Lichtel
25%
Makuhita
25%
Panekon
25%
Perlu
25%
Seemops
25%
Sengo
25%
Skorgla
25%
Tannza
25%
Zorua
25%
Zwirrfinst
25%
Banette
24%
Blanas
24%
Bojelin
24%
Camaub
24%
Dedenne
24%
Dusselgurr
24%
eF-eM
24%
Efoserp
24%
Flunkifer
24%
Flurmel
24%
Frizelbliz
24%
Frosdedje
24%
Glibunkel
24%
Kapilz
24%
Lombrero
24%
Maxax
24%
Milza
24%
Octillery
24%
Phione
24%
Qurtel
24%
Rexblisar
24%
Shuppet
24%
Tengulist
24%
Tropius
24%
Tuska
24%
Vibrava
24%
Walraisa
24%
Zwottronin
24%
Ambidiffel
23%
Amphizel
23%
Dartiri
23%
Emolga
23%
Farbeagle
23%
Forstellka
23%
Granbull
23%
Grillmak
23%
Hubelupf
23%
Koknodon
23%
Krawumms
23%
Krokel
23%
Kryppuk
23%
Liebiskus
23%
Magcargo
23%
Meditie
23%
Muntier
23%
Schlapor
23%
Schlurplek
23%
Seejong
23%
Snubbull
23%
Sodamak
23%
Vegimak
23%
Viridium
23%
Wadribie
23%
Yanmega
23%
Yorkleff
23%
Zamazenta
23%
Burmy
22%
Corasonn
22%
Drifzepeli
22%
Duodino
22%
Eneco
22%
Fennexis
22%
Fiaro
22%
Kobalium
22%
Koraidon
22%
Mantirps
22%
Meditalis
22%
Mimigma
22%
Miraidon
22%
Ninjask
22%
Pandir
22%
Papungha
22%
Rameidon
22%
Rutena
22%
Schilterus
22%
Schmerbe
22%
Shnebedeck
22%
Silvarro
22%
Spoink
22%
Terrakium
22%
Toxiquak
22%
UHaFnir
22%
Voltolos
22%
Welsar
22%
Zacian
22%
Zoroark
22%
Baldorfish
21%
Bissbark
21%
Bronzel
21%
Bronzong
21%
Formeo
21%
Grillchita
21%
Honweisel
21%
Kanivanha
21%
Kapuno
21%
Kecleon
21%
Keldeo
21%
Krakeelo
21%
Krebscorps
21%
Liberlo
21%
Liliep
21%
Miezunder
21%
Nincada
21%
Ninjatom
21%
Noktuska
21%
Pottrott
21%
Primarene
21%
Skorgro
21%
Sodachita
21%
Terribark
21%
Trikephalo
21%
Vegichita
21%
Wuffels
21%
Aalabyss
20%
Armaldo
20%
Bollterus
20%
Boreos
20%
Burmadame
20%
Charmian
20%
Dartignis
20%
Demeteros
20%
Elezeba
20%
Enekoro
20%
Fasasnob
20%
Felilou
20%
Felori
20%
Gastrodon
20%
Gehweiher
20%
Genesect
20%
Groink
20%
Illumise
20%
Kapu-Riki
20%
Kiesling
20%
Kleoparda
20%
Krebutack
20%
Maskeregen
20%
Meloetta
20%
Navitaub
20%
Ohrdoch
20%
Plaudagei
20%
Relicanth
20%
Schalellos
20%
Skelabra
20%
Unratütox
20%
Venuflibis
20%
Volbeat
20%
Wielie
20%
Zebritz
20%
Zirpeise
20%
Zirpurze
20%
Anorith
19%
Chimpep
19%
Cosmog
19%
Finneon
19%
Flabébé
19%
Ganovil
19%
Hippopotas
19%
Karadonis
19%
Klikk
19%
Klingplim
19%
Kukmarda
19%
Lauchzelot
19%
Lepumentas
19%
Nagelotz
19%
Pam-Pam
19%
Puppance
19%
Regidrago
19%
Saganabyss
19%
Sharfax
19%
Skunkapuh
19%
Skuntank
19%
Stalobor
19%
Voluminas
19%
Barschuft
18%
Hippoterus
18%
Hoopa
18%
Kapu-Fala
18%
Kickerlo
18%
Kikugi
18%
Kwaks
18%
Mauzinger
18%
Meistagrif
18%
Memmeon
18%
Petznief
18%
Praktibalk
18%
Rabigator
18%
Rollum
18%
Rotomurf
18%
Schluppuck
18%
Sesokitz
18%
Shnurgarst
18%
Wattzapf
18%
Wolly
18%
Bisofank
17%
Brigaron
17%
Deponitox
17%
Echnatoll
17%
Flampivian
17%
Fleknoil
17%
Gelatini
17%
Igastarnish
17%
Kapu-Toro
17%
Kinoso
17%
Laternecto
17%
Leufeo
17%
Lumineon
17%
Makabaja
17%
Melmetal
17%
Meltan
17%
Necrozma
17%
Piondragi
17%
Pionskora
17%
Ramoth
17%
Regieleki
17%
Schlukwech
17%
Sedimantur
17%
Shardrago
17%
Siberio
17%
Somniam
17%
Toxiped
17%
Ursaluna
17%
Waumboll
17%
Wolwerock
17%
Brockoloss
16%
Caesurio
16%
Cerapendra
16%
Diancie
16%
Dressella
16%
Elfun
16%
Flampion
16%
Floette
16%
Florges
16%
Flunschlik
16%
Golbit
16%
Golgantes
16%
Ignivor
16%
Intelleon
16%
Jiutesto
16%
Kapu-Kime
16%
Klikdiklak
16%
Kliklak
16%
Marikeck
16%
Mollimorba
16%
Morbitesse
16%
Moterpel
16%
Piccolente
16%
Purmel
16%
Quabbel
16%
Resladero
16%
Rokkaiman
16%
Strepoli
16%
Swaroness
16%
Togedemaru
16%
Typ:Null
16%
Vivillon
16%
Voltula
16%
Washakwil
16%
Zapplardin
16%
Arboretoss
15%
Arktip
15%
Branawarz
15%
Clavion
15%
Cosmovum
15%
Durengard
15%
Eisenhand
15%
Endynalos
15%
Frigometri
15%
Galapaflos
15%
Geronimatz
15%
Gladiantri
15%
Gortrom
15%
Hypnomorba
15%
Kronjuwild
15%
Lilminip
15%
Mähikel
15%
Mangunior
15%
Monozyto
15%
Pampross
15%
Peppeck
15%
Psiau
15%
Pyroleo
15%
Schallquap
15%
Scoppel
15%
Somnivora
15%
Strawickl
15%
Tarnpignon
15%
Tukanon
15%
Viscogon
15%
Viscora
15%
Volcanion
15%
Zapplarang
15%
Zytomega
15%
Aeropteryx
14%
Akkup
14%
Apoquallyp
14%
Arktilas
14%
Chimstix
14%
Duokles
14%
Eisenkrieger
14%
Ferkuli
14%
Flapteryx
14%
Fletiamo
14%
Folikon
14%
Gelatroppo
14%
Gelatwino
14%
Hutsassa
14%
Irokex
14%
Laukaps
14%
Lin-Fu
14%
Maskagato
14%
Matrifol
14%
Mebrana
14%
Pamo
14%
Pandagro
14%
Pantifrost
14%
Picochilla
14%
Psiaugon
14%
Schlingking
14%
Schnuthelm
14%
Symvolara
14%
Trombork
14%
Wie-Shu
14%
Zapplalek
14%
Zurrokex
14%
Balgoras
13%
Chevrumm
13%
Choreogel
13%
Coiffwaff
13%
Drapfel
13%
Dummimisel
13%
Fermicula
13%
Flauschling
13%
Furnifraß
13%
Gramokles
13%
Grebbit
13%
Grypheldis
13%
Irrbis
13%
Iscalar
13%
Kastadur
13%
Krarmor
13%
Manguspektor
13%
Maracamba
13%
Meikro
13%
Pampuli
13%
Parfi
13%
Puponcho
13%
Schabelle
13%
Skelokrok
13%
Snieboss
13%
Trompeck
13%
Viscargot
13%
Wommel
13%
Algitt
12%
Amagarga
12%
Amarino
12%
Amfira
12%
Anego
12%
Axantor
12%
Castellith
12%
Cavalanzas
12%
Chillabell
12%
Donarion
12%
Epitaff
12%
Farigiraf
12%
Frubberl
12%
Hydragil
12%
Karippas
12%
Katapuldra
12%
Knapfel
12%
Krabbox
12%
Lithomith
12%
Lusardin
12%
Mamolida
12%
Masskito
12%
Mitodos
12%
Molunk
12%
Paragoni
12%
Parfinesse
12%
Pumpdjinn
12%
Raffel
12%
Rocara
12%
Scampisto
12%
Schlapfel
12%
Schligda
12%
Schligdri
12%
Skallyk
12%
Tentantel
12%
Tortunator
12%
Wummer
12%
Zeraora
12%
Zwollock
12%
Amigento
11%
Bailonda
11%
Barrikadax
11%
Calamanero
11%
Eguana
11%
Eisenhals
11%
Eisenrad
11%
Elezard
11%
Feliospa
11%
Fruyal
11%
Grandiras
11%
Katagami
11%
Knirfish
11%
Kommandutan
11%
Mabula
11%
Magearna
11%
Marshadow
11%
Megalon
11%
Miniras
11%
Monargoras
11%
Pamamo
11%
Pamomamo
11%
Phlegleon
11%
Pygraulon
11%
Reißlaus
11%
Riffex
11%
Sabbaione
11%
Sankabuh
11%
Schlaraffel
11%
Sen-Long
11%
Tandrak
11%
Toxel
11%
Velursi
11%
Araqua
10%
Bandelby
10%
Brüllschweif
10%
Curelei
10%
Donnersichel
10%
Eisenbündel
10%
Eisendorn
10%
Flatterhaar
10%
Frubaila
10%
Garstella
10%
Gierspenst
10%
Hefel
10%
Imantis
10%
Kosturso
10%
Krawell
10%
Lokroko
10%
Mantidea
10%
Mediras
10%
Morpeko
10%
Muramura
10%
Olini
10%
Snomnom
10%
Suelord
10%
Tectass
10%
Voldi
10%
Zarude
10%
Aggrostella
9%
Aranestro
9%
Backel
9%
Bähmon
9%
Bellektro
9%
Bithora
9%
Bubungus
9%
Colossand
9%
Coronospa
9%
Eisenfalter
9%
Fatalitee
9%
Fuentente
9%
Grolldra
9%
Gufa
9%
Kleptifux
9%
Koalelu
9%
Kopplosio
9%
Kranoviz
9%
Legios
9%
Oghnatoll
9%
Phantoross
9%
Quartermak
9%
Riesenzahn
9%
Voltriant
9%
Wagong
9%
Azugladis
8%
Cupidos
8%
Damythir
8%
Delfinator
8%
Duraludon
8%
Famieps
8%
Fragrunz
8%
Gaunux
8%
Gladimperio
8%
Gorgasonn
8%
Gruff
8%
Infernopod
8%
Kaguron
8%
Kamalm
8%
Kamehaps
8%
Kubuin
8%
Lamellux
8%
Meteno
8%
Monetigo
8%
Montecarbo
8%
Mopex
8%
Moruda
8%
Olangaar
8%
Pelzebub
8%
Phandra
8%
Polaross
8%
Sanaconda
8%
Schlurm
8%
Sensect
8%
Thanathora
8%
Urgl
8%
Venicro
8%
Wutpilz
8%
Yuyu
8%
Zwieps
8%
Affiti
7%
Agoyon
7%
Blipp
7%
Brimova
7%
Britzigel
7%
Dakuma
7%
Flaminkno
7%
Friedwuff
7%
Hokumil
7%
Humanolith
7%
Kaocto
7%
Klibbe
7%
Klonkett
7%
Klopptopus
7%
Knarbon
7%
Knattatox
7%
Knattox
7%
Kriechflügel
7%
Kupfanti
7%
Mortipot
7%
Mottineva
7%
Myriador
7%
Nigiragi
7%
Patinaraja
7%
Pikuda
7%
Pokusan
7%
Salmagnis
7%
Sandfell
7%
Servol
7%
Silembrim
7%
Tentagra
7%
Tenterra
7%
Thermopod
7%
Voltrean
7%
Voltrel
7%
Wampitz
7%
Wulaosu
7%
Adebom
6%
Baojian
6%
Barrakiefa
6%
Brimano
6%
Cottini
6%
Cottomi
6%
Dinglu
6%
Espinodon
6%
Forgita
6%
Frospino
6%
Granforgita
6%
Heerashai
6%
Keradar
6%
Kolowal
6%
Lecryodon
6%
Lectragon
6%
Lextremo
6%
Lumiflora
6%
Maritellit
6%
Micrick
6%
Normifin
6%
Olithena
6%
Pescragon
6%
Salanga
6%
Saltigant
6%
Spinsidias
6%
Tarundel
6%
Chongjian
5%
Crimanzo
5%
Cryospino
5%
Flaniwal
5%
Flattutu
5%
Geosali
5%
Krawalloro
5%
Lumispross
5%
Mastifioso
5%
Mobtiff
5%
Olivinio
5%
Pescryodon
5%
Psiopatra
5%
Sproxi
5%
Tafforgita
5%
Agiluza
4%
Chilingel
4%
Halupenjo
4%
Horrerba
4%
Relluk
4%
Sedisal
4%
Skarabaks
4%
Weherba
4%
Keine übereinstimmenden Quizze gefunden
Verteilung der Resultate
Anzahl Personen mit jedem Resultat
Perzentil nach korrekt beantworteten Fragen
Ihre Resultats-Entwicklung
Sie haben dieses Quiz seit der letzten Aktualisierung nicht gespielt